00583nam a22002057a 450000500170000001000130001702000100003003500130004003700160005304000120006908200130008110000190009424500480011326000410016127000420020230000230024450000510026765000370031865000220035520170124105926.0 aA-297460 c00.00 aA-297460 bCen Lib/Ret aDPLbEN a330bJHI aJhingan, M. L. aInternational economics /cby M. L. Jhingan aNew DelhibKonark Publicationsc1986 a16/4560, DaryaganjbNew Delhie110002 axi,390p.c20cm(Hb) aIncludes bibliographical references and index aInternational economic relations aCommercial policy